000 00395pab a2200169 454500
008 180718b1998 xxu||||| |||| 00| 0 eng d
100 _aShobha, V.
245 _aSocio-economic status of women in sericulture
260 _c1998
300 _ap.46-48
362 _aJun
650 _aWomen workers
700 _aJyothi
700 _aVimla Devi, V.
773 _aKurukshetra
909 _a38038
999 _c38038
_d38038